Dependence and Transformation: The Economic of the Transition to Socialism (Record no. 603)

MARC details
005 - DATE AND TIME OF LATEST TRANSACTION
control field 20250314105547.0
020 ## - INTERNATIONAL STANDARD BOOK NUMBER
International Standard Book Number 0-85345-317-9
082 ## - DEWEY DECIMAL CLASSIFICATION NUMBER
Classification number 338.091 THO
100 ## - MAIN ENTRY--PERSONAL NAME
Author name THOMAS, C. Y.
245 ## - TITLE STATEMENT
Title Dependence and Transformation: The Economic of the Transition to Socialism
260 ## - PUBLICATION, DISTRIBUTION, ETC.
Place of publication, distribution, etc. New York,
Name of publisher, distributor, etc. Monthly Review Press,
Date of publication, distribution, etc. 1974.
300 ## - PHYSICAL DESCRIPTION
Extent 327p.
Other physical details Bibliography.
Dimensions 20cm.
942 ## - ADDED ENTRY ELEMENTS (KOHA)
Source of classification or shelving scheme Dewey Decimal Classification
Koha item type Books
Holdings
Date last seen Total checkouts Full call number Barcode Cost, replacement price Price effective from Koha item type Lost status Source of classification or shelving scheme Damaged status Not for loan Withdrawn status Home library Current library Shelving location Date acquired Cost, normal purchase price
03/14/2025   338.091 THO 0000002437 30000.00 03/14/2025 Books   Dewey Decimal Classification       College of Business Education Main Library College of Business Education Main Library General Collection 03/14/2025 10000.00
03/14/2025   338.091 THO 0000002438 30000.00 03/14/2025 Books   Dewey Decimal Classification       College of Business Education Main Library College of Business Education Main Library General Collection 03/14/2025 10000.00
03/14/2025   338.091 THO 0000002439 30000.00 03/14/2025 Books   Dewey Decimal Classification       College of Business Education Main Library College of Business Education Main Library General Collection 03/14/2025 10000.00